000 01018 a2200253 4500
005 20260302100315.0
008 260302b |||||||| |||| 00| 0 eng d
020 _a9788126317509 (hbk)
037 _cTB
040 _aCRL
_cCRL
041 _2hin
_ahin
084 _aO152,3x P9
_qCRL
100 _aकविता
_9860546
245 _aउलटबाँसी
250 _aसंस्करण 2
260 _aनयी दिल्ली, भारत:
_bभारतीय ज्ञानपीठ,
_c2009.
300 _a142पृ.
365 _b120.00
_cINR
490 _aलोकोदय ग्रंथमाला : ग्रंथांक 928
650 _aहिन्दी कहानी
650 _aहिन्दी साहित्य
942 _cTB
_2CC
_eसंस्करण 2
_hO152,3x P9
999 _c1466652
_d1466652